Jobs - Statistics

General Stats
  • This quiz has been taken 389 times
    387 since last reset
  • The average score is 9 of 14
Answer Stats
Hint Answer % Correct
Bakes bread Baker
97%
Farms produce Farmer
93%
Saves lives at hospitals Doctor
85%
Cooks food Chef
83%
Works at a library Librarian
81%
Stops robberies Police
81%
Serves food Waiter
78%
Saves lives at fires Firefighter
76%
Drives a Taxi Taxi Driver
74%
Creates music Musician
72%
Herds Sheep Shepherd
49%
Runs a shop Manager
42%
Forges tools Toolsmith
15%
Forges weapons Weapons smith
7%
No matching quizzes found
Score Distribution
Percent of People with Each Score
Percentile by Number Answered
Your Score History
You have not taken this quiz since the last reset